000 00845nam a2200253 a 4500
001 62051
003 BD-RjUL
005 20211209081034.0
008 170121s2003 bg 00010 eng d
020 _a9845084761
_c: Complimentary
035 _a(BD-RjUL)62176
040 _aBD-RjUL
_beng
_dBD-RjUL
_cBD-RjUL
041 _aeng
082 _223
_a630.95492021
_bJHE 2003 (ZS)
110 _aBangladesh Bureau of Statistics
_9179266
245 _aCensus of Agriculture - 1996 :
_bZila Series: Jhenaidah /
_cBangladesh Bureau of Statistics
260 _aDhaka :
_bBBS,
_c2003.
300 _axiv, 286 p. :
_bill. ;
_c28 cm.
490 _aZila Series: Jhenaidah
500 _aChiefly statistical tables.
650 _aAgriculture
_zBangladesh
_zJhenaidah
_vStatistics.
_9184588
_y1996
830 _aZila Series: Jhenaidah
_9186721
942 _2ddc
_cRAR
999 _c62051
_d62051